| 000 | 01304cam a2200373 i 4500 | ||
|---|---|---|---|
| 999 |
_c200449853 _d68065 |
||
| 001 | 200449853 | ||
| 003 | TR-AnTOB | ||
| 005 | 20231201001329.0 | ||
| 007 | ta | ||
| 008 | 201212s2019 tu b 000 0 tur | ||
| 010 | _a 2020349042 | ||
| 020 | _a9786057820808 | ||
| 037 | _c(TR-AnTOB)200449853 | ||
| 040 |
_aDLC _beng _erda _cDLC _dTR-AnTOB |
||
| 041 | 0 | _atur | |
| 050 | 4 |
_aKKX1310 _b..B696 2019 |
|
| 090 |
_aKKX1310 _b..B696 2019 |
||
| 100 | 1 |
_aBozok, Salim _eauthor _9139053 |
|
| 245 | 1 | 0 |
_aİşe iade davasında karar ve kararın icrası / _cAr. Gör. Salim Bozok. |
| 250 | _a1. baskı. | ||
| 264 | 1 |
_aŞişli, İstanbul : _bOn İki Levha Yayıncılık, _c2019. |
|
| 300 |
_a266 pages ; _c24 cm |
||
| 336 |
_atext _btxt _2rdacontent |
||
| 337 |
_aunmediated _bn _2rdamedia |
||
| 338 |
_avolume _bnc _2rdacarrier |
||
| 490 | 0 |
_aOn İki Levha Yayıncılık ; _vyayın no: 1223 |
|
| 504 | _aBIB | ||
| 650 | 7 |
_aİş güvenliği _xHukuk ve mevzuat _zTürkiye _2etuturkob _958113 |
|
| 650 | 7 |
_aİş hukuku ve mevzuatı _zTürkiye _2 _958185 |
|
| 650 | 0 |
_aİşçi hakları _zTürkiye _965335 |
|
| 856 | 4 | 1 |
_3Online access link to the resource _uhttps://www.lexpera.com.tr/literatur/kitaplar/ise-iade-davasinda-karar-ve-kararin-icrasi-9786057820808-1 |
| 942 |
_2lcc _cBK |
||